<?xml version="1.0" encoding="UTF-8"?>
<record
    xmlns:xsi="http://www.w3.org/2001/XMLSchema-instance"
    xsi:schemaLocation="http://www.loc.gov/MARC21/slim http://www.loc.gov/standards/marcxml/schema/MARC21slim.xsd"
    xmlns="http://www.loc.gov/MARC21/slim">

  <leader>02617cam a2200277 a 4500</leader>
  <controlfield tag="001">13891062</controlfield>
  <controlfield tag="005">20210414114212.0</controlfield>
  <controlfield tag="008">050307s2004    nyub     b    001 0 eng  </controlfield>
  <datafield tag="010" ind1=" " ind2=" ">
    <subfield code="a">  2005272026</subfield>
  </datafield>
  <datafield tag="020" ind1=" " ind2=" ">
    <subfield code="a">1587786532 </subfield>
  </datafield>
  <datafield tag="050" ind1="0" ind2="0">
    <subfield code="a">KZ1242.5.I58</subfield>
  </datafield>
  <datafield tag="245" ind1="0" ind2="0">
    <subfield code="a">International law in contemporary perspective. /</subfield>
    <subfield code="c">W. Michael Reisman ... [et al.].</subfield>
  </datafield>
  <datafield tag="260" ind1=" " ind2=" ">
    <subfield code="a">New York, N.Y. :</subfield>
    <subfield code="b">Foundation Press ;</subfield>
    <subfield code="a">[St. Paul, Minn.] :</subfield>
    <subfield code="b">Thomson/West,</subfield>
    <subfield code="c">2004.</subfield>
  </datafield>
  <datafield tag="300" ind1=" " ind2=" ">
    <subfield code="a">lvii, 1585 p. :</subfield>
    <subfield code="b">maps ;</subfield>
    <subfield code="c">27 cm.</subfield>
  </datafield>
  <datafield tag="440" ind1=" " ind2="0">
    <subfield code="a">University Casebook Series</subfield>
  </datafield>
  <datafield tag="500" ind1=" " ind2=" ">
    <subfield code="a">Includes index.</subfield>
  </datafield>
  <datafield tag="504" ind1=" " ind2=" ">
    <subfield code="a">Includes bibliographical references (p. [ix]-xiii) and index.</subfield>
  </datafield>
  <datafield tag="505" ind1=" " ind2=" ">
    <subfield code="a">Contents: The Constitutive process in the global community context -- How shall we conceive international law -- How is international law made and applied -- The Interaction between international and national actors in applying international law -- The Relation between the lawfulness of actions and the constitutive process -- Establishment, transformation and termination of states and other actors: Introduction -- The Policies at stake in establishment, transformation and termination of territorial actors -- The Role of internal elites -- The Role of external elites -- Establishment of international actors other than states -- Protection and control of persons: Nationality -- Human rights -- Allocation, protection and regulation of use of the resources of the planet: General principles governing resource use -- Water -- Land -- Airspace -- Antarctica -- Outer space and celestial bodies -- The Environment -- State responsibility: Introduction -- Responsibility for breach of an international legal obligation -- Attribution of an act to a state -- Circumstances precluding wrongfulness -- Consequences of responsibility -- Serious violations of peremptory norms -- Invocation of state responsibility -- Strategies: Regulating the use of the military instrument -- Regulating the use of the economic instrument -- Regulating the use of the ideological instrument -- Regulating the use of the diplomatic instrument -- Regulating international agreements -- Jurisdiction: allocation of competence to make and apply law: Introduction -- Competence to make law -- Competence to apply law -- Recognition and enforcement -- Conclusion.</subfield>
  </datafield>
  <datafield tag="650" ind1=" " ind2="0">
    <subfield code="a">International law</subfield>
    <subfield code="v">Cases.</subfield>
  </datafield>
  <datafield tag="700" ind1=" " ind2=" ">
    <subfield code="a">Reisman, W. Michael</subfield>
  </datafield>
  <datafield tag="700" ind1=" " ind2=" ">
    <subfield code="a">Arsanjani, Mahnoush H.</subfield>
  </datafield>
  <datafield tag="700" ind1=" " ind2=" ">
    <subfield code="a">Weissner, Siegfried</subfield>
  </datafield>
  <datafield tag="906" ind1=" " ind2=" ">
    <subfield code="a">7</subfield>
    <subfield code="b">cbc</subfield>
    <subfield code="c">origcop</subfield>
    <subfield code="d">2</subfield>
    <subfield code="e">ncip</subfield>
    <subfield code="f">20</subfield>
    <subfield code="g">y-gencatlg</subfield>
  </datafield>
  <datafield tag="942" ind1=" " ind2=" ">
    <subfield code="2">lcc</subfield>
    <subfield code="c">BK</subfield>
  </datafield>
  <datafield tag="999" ind1=" " ind2=" ">
    <subfield code="c">2825</subfield>
    <subfield code="d">10325</subfield>
  </datafield>
  <datafield tag="952" ind1=" " ind2=" ">
    <subfield code="0">0</subfield>
    <subfield code="1">0</subfield>
    <subfield code="2">lcc</subfield>
    <subfield code="4">0</subfield>
    <subfield code="7">0</subfield>
    <subfield code="a">WIUC-1</subfield>
    <subfield code="b">WIUC-1</subfield>
    <subfield code="c">LL</subfield>
    <subfield code="d">2014-04-09</subfield>
    <subfield code="l">0</subfield>
    <subfield code="o">KZ1242.5.I58</subfield>
    <subfield code="p">309/13</subfield>
    <subfield code="r">2014-04-09 00:00:00</subfield>
    <subfield code="w">2014-04-09</subfield>
    <subfield code="y">BK</subfield>
  </datafield>
</record>
